[Event "Barcelona Sant Marti op-B 21st"]
[Site "Barcelona"]
[Date "2019.07.16"]
[Round "4"]
[White "Ruiz Serra, Guillem"]
[Black "May Freixa, Josep"]
[Result "0-1"]
[WhiteElo "1423"]
[BlackElo "1736"]
[PlyCount "112"]
[EventDate "2019.07.13"]
[EventType "swiss"]
[EventRounds "9"]
[EventCountry "ESP"]
[SourceTitle "EXT 2020"]
[Source "ChessBase"]
[SourceDate "2019.10.17"]
[SourceVersion "1"]
[SourceVersionDate "2019.10.17"]
[SourceQuality "1"]

1. e4 c5 2. Nf3 a6 3. d4 cxd4 4. Nxd4 Nf6 5. Nc3 e5 6. Nb3 Bb4 7. Bd3 d5 8. exd5 Nxd5 9. Bd2 Nxc3 10. Bxc3 Bxc3+ 11. bxc3 Qc7 12. Qd2 Be6 13. 0-0 0-0 14. Rad1 Nd7 15. Be4 Nb6 16. Qd6 Rac8 17. Qxc7 Rxc7 18. Na5 Bc8 19. Rb1 Na4 20. Bxb7 Nxc3 21. Rb2 Ne2+ 22. Kh1 Nd4 23. Be4 Be6 24. Nb3 Nb5 25. Bd3 Na3 26. Bxa6 Bc4 27. Bxc4 Nxc4 28. Rbb1 Ra8 29. Ra1 Na3 30. Rfc1 Rc3 31. Kg1 f6 32. Nd2 Rxc2 33. Rxc2 Nxc2 34. Rb1 Rxa2 35. Kf1 Ne3+ 36. fxe3 Rxd2 37. Re1 Kf7 38. Re2 Rd3 39. e4 Ke6 40. g4 g6 41. Kf2 f5 42. exf5+ gxf5 43. gxf5+ Kxf5 44. Re3 Rd2+ 45. Kg3 e4 46. h4 h5 47. Ra3 Rd5 48. Re3 Rd6 49. Kf2 Kf4 50. Rh3 Kg4 51. Rh1 Kf4 52. Rg1 Rd2+ 53. Ke1 Rh2 54. Rf1+ Ke3 55. Rg1 Rxh4 56. Rg3+ Kf4 0-1

[Event "Barcelona Sant Marti op-B 21st"]
[Site "Barcelona"]
[Date "2019.07.13"]
[Round "1"]
[White "May Freixa, Josep"]
[Black "Chen, Siyuan"]
[Result "1-0"]
[WhiteElo "1736"]
[BlackElo "1284"]
[PlyCount "67"]
[EventDate "2019.07.13"]
[EventType "swiss"]
[EventRounds "9"]
[EventCountry "ESP"]
[SourceTitle "EXT 2020"]
[Source "ChessBase"]
[SourceDate "2019.10.17"]
[SourceVersion "1"]
[SourceVersionDate "2019.10.17"]
[SourceQuality "1"]

1. c4 e5 2. Nc3 Nf6 3. g3 d5 4. cxd5 Nxd5 5. Bg2 Be6 6. Nf3 Nc6 7. 0-0 h6 8. d4 f6 9. e4 Nxc3 10. bxc3 Bc4 11. Re1 Qd7 12. Qa4 Ba6 13. Be3 Bd6 14. Rad1 exd4 15. Nxd4 Nxd4 16. Qxd7+ Kxd7 17. Bxd4 Rhe8 18. f4 Kc8 19. e5 fxe5 20. fxe5 Bf8 21. Bh3+ Kb8 22. Bd7 Rd8 23. e6 Be7 24. Bxg7 b6 25. Bc6 Rxd1 26. Rxd1 Bb7 27. Bd7 h5 28. Rf1 Bc5+ 29. Bd4 Bxd4+ 30. cxd4 Bc8 31. Bc6 Bxe6 32. Rf8+ Bc8 33. Bxa8 a5 34. Bc6 1-0